| 000 | 00327nam a2200109Ia 4500 | ||
|---|---|---|---|
| 008 | 220620s9999||||xx |||||||||||||| ||und|| | ||
| 100 | _aJacob, Frank | ||
| 245 | 0 | _aEmma Goldman and the Russian Revolution. From Admiration to Frustration | |
| 546 | _aEnglish[eng] | ||
| 856 | _uhttps://doi.org/10.1515/9783110679403 | ||
| 942 | _cEB | ||
| 999 |
_c25729 _d25729 |
||